| 000 -LEADER | |
|---|---|
| fixed length control field | 01639nam a2200193 a 4500 |
| 008 - FIXED-LENGTH DATA ELEMENTS--GENERAL INFORMATION | |
| fixed length control field | 260213s2007##################000#0#eng## |
| 020 ## - INTERNATIONAL STANDARD BOOK NUMBER | |
| ISBN | 9780521793681 |
| Paper back/Hardbound | pbk |
| 041 ## - LANGUAGE CODE | |
| Language code of text/sound track or separate title | eng |
| 082 04 - DEWEY DECIMAL CLASSIFICATION NUMBER | |
| Classification number | 305.5601 |
| Item number | DIJ |
| 100 1# - MAIN ENTRY--AUTHOR NAME | |
| Personal name | Dijker, Anton J. M. |
| 245 10 - TITLE STATEMENT | |
| Title | Stigmatization, Tolerance and Repair: An Integrative Psychological Analysis of Responses to Deviance (Studies in Emotion and Social Interaction) |
| Statement of responsibility, etc | Anton J. M. Dijker |
| 260 ## - PUBLICATION, DISTRIBUTION, ETC. (IMPRINT) | |
| Year of publication | 2007. |
| Place of publication | Cambridge Univ Pr |
| Name of publisher | 2007 |
| 300 ## - PHYSICAL DESCRIPTION | |
| Number of Pages | 436 pages |
| Dimensions | 25cm. |
| 504 ## - BIBLIOGRAPHY, ETC. NOTE | |
| Bibliography, etc | Includes index |
| 520 ## - SUMMARY, ETC. | |
| Summary, etc | Society is faced with a variety of undesirable behaviours and conditions such as crime, mental and physical illnesses and disabilities, that usually provoke different responses in people such as emotions of anger, fear or pity. In our evolutionary past, these emotions adaptively motivated the repair of interpersonal relationships, whereas more recently they may also result in other types of social control such as stigmatization or tolerance. Dijker and Koomen show, on the basis of elementary psychological processes, how peoples' responses are not only dependent on type of deviance but also on personality, situation, historical period and culture. They also examine the implications of these responses for the well-being and coping of people with deviant conditions or stigmas. This book provides conceptual tools for developing interventions to reduce stigmatization and offers a deeper understanding of the psychological basis of social control as well as opportunities to influence its potentially harmful consequences. |
| 650 #0 - SUBJECT ADDED ENTRY--TOPICAL TERM | |
| Topical Term | Medical. |
| 942 ## - ADDED ENTRY ELEMENTS (KOHA) | |
| Koha item type | English Books |
| Withdrawn status | Lost status | Damaged status | Not for loan | Home library | Current library | Shelving location | Date acquired | Full call number | Accession Number | Price effective from | Koha item type |
|---|---|---|---|---|---|---|---|---|---|---|---|
| Anna Centenary Library | Anna Centenary Library | 3RD FLOOR, B WING | 21.02.2026 | 305.5601 DIJ | 231181 | 21.02.2026 | English Books |